[Event "3rd Yerevan Open-A 2021"]
[Site "Yerevan"]
[Date "2021.10.14"]
[Round "1.1"]
[White "Poormosavi, Seyed Kian"]
[Black "Narayanan.S.L"]
[Result "1/2-1/2"]
[WhiteElo "2255"]
[BlackElo "2647"]
[Annotator "TA"]
[PlyCount "140"]
[EventDate "2021.10.14"]
[EventType "swiss"]
[EventCountry "ARM"]
[SourceTitle "playchess.com"]
[Source "ChessBase"]
[SourceQuality "1"]

{[%evp 9,140,43,39,11,27,19,14,17,25,0,0,0,13,0,1,0,9,0,31,-33,-25,-35,-12,-23,-13,-11,-3,-14,-9,-9,-7,-14,-8,-21,0,-11,0,0,0,0,0,0,0,8,219,225,226,112,100,53,37,-121,-141,-327,-348,-1222,-233,-284,-12,-18,-14,-23,-21,-21,-21,-21,-21,-37,0,-5,-8,-41,0,-134,0,0,0,0,0,0,0,-27,-27,-33,0,-3,-4,-15,0,0,34,0,0,0,0,0,93,0,0,0,0,0,0,0,0,0,54,0,8,0,0,0,11,9,8,8,8,8,10,8,8,8,11,8,10,10,12,0,10,9,19,19,50]} 1. Nf3 d5 2. g3 Nd7 3. d4 Nb6 4. Bg2 Bf5 5. O-O e6 6. Nbd2 {D02: 1 d4 d5 2 Nf3 sidelines, including 2...Nf6 3 g3 and 2...Nf6 3 Bf4.} h6 7. c4 Nf6 8. Ne5 c6 9. c5 (9. b3 {feels hotter.} Bb4 10. Bb2 O-O 11. a3 Be7 12. f3) 9... Nbd7 10. Nxd7 {[#]} Qxd7 $146 ({Predecessor:} 10... Nxd7 11. e4 dxe4 12. Bxe4 Bxe4 13. Nxe4 Nf6 14. Nxf6+ Qxf6 15. Bf4 Rd8 16. Be5 Qg6 {0-1 (35) Vanstreels,L (2117)-Lenaerts,L (2335) Belgium 2020}) 11. b4 Be7 12. Nb3 O-O 13. f3 Rfe8 14. g4 (14. Bf4 $14) 14... Bg6 $15 15. Bf4 Bd8 16. Qd2 Bc7 17. Be5 Qd8 18. Qf4 Bxe5 19. Qxe5 Nd7 20. Qg3 e5 21. dxe5 $1 Nxe5 22. f4 $1 {[%cal Rf4e5]} Nc4 23. f5 Bh7 24. e4 $1 dxe4 25. Rad1 Qg5 {...Ne3 is the strong threat.} 26. Rf4 g6 $2 (26... Rad8 $11 {and Black stays safe.} 27. Re1 Nd2) 27. h4 $1 $18 {[%cal Rh4g5][%mdl 1024] White has strong compensation.} (27. Rxe4 Rxe4 28. Bxe4 Re8 $11) (27. Bxe4 gxf5 28. gxf5 (28. Bxf5 Bxf5 29. gxf5 Ne5 $11) 28... Kh8 $11) 27... Qf6 28. g5 ({Worse is} 28. Rxe4 Rxe4 29. Bxe4 gxf5 $11) ({Don't blunder} 28. Bxe4 $2 g5 $19) (28. Rd4 $1 $18 {and the rest is easy.}) 28... Qe5 $16 29. f6 e3 30. Kh2 $2 (30. Re1 $14) 30... Nb2 $1 $36 {[%cal Rb2d1][%mdl 2048] Black is really pushing.} 31. Rb1 (31. Re1 $17 Nd3 {[%mdl 64] Double Attack} 32. Rxe3 Qxe3 33. Rf3) 31... e2 $19 32. Be4 $2 (32. Rd4 e1=Q 33. Rxe1 Qxg3+ 34. Kxg3 Rxe1 35. Na5) 32... Rad8 $2 (32... Nd1 33. Bf3 e1=Q $1 34. Rxd1 Qxg3+ 35. Kxg3 hxg5 36. hxg5 Qxg5+ 37. Rg4 Qxf6) 33. Re1 {[#]} Na4 $2 ({Stronger than} 33... hxg5 34. Qxg5 Qxg5 35. hxg5 $16) ({Better is} 33... Nd3 $1 $19 {[%cal Rd3e1][%mdl 512]} 34. Bxd3 {[#]} Rxd3 $1 {[%mdl 512]} 35. Qxd3 Qxf4+ 36. Qg3 Qxb4) 34. Rxe2 $11 Nc3 35. Re3 Nd5 36. Bxd5 Qxe3 37. Qxe3 Rxe3 38. Bf3 Re5 39. Rg4 Rd3 40. Kg2 Kf8 41. b5 (41. Na5 $11 {keeps the balance.}) 41... hxg5 ({Black should play} 41... cxb5 $17 {Strongly threatening ...a5!} 42. gxh6 a5) 42. bxc6 bxc6 43. hxg5 Ke8 44. Bxc6+ Kd8 45. Bf3 Kc7 46. c6 a6 47. Kf2 Bg8 48. Nc1 Rc3 49. Ne2 Rcc5 50. Rd4 {With the idea Rd7+.} (50. Rb4 $5 {[%cal Rb4b7]} Rxg5 51. Nd4 $11) 50... Rxg5 51. Rd7+ Kc8 52. Nd4 Rc3 (52... Rc4 $11) 53. Be4 (53. Re7 $16) 53... Ra5 54. Re7 Rxa2+ 55. Ne2 Kd8 56. Ra7 Rc5 57. Ke3 Ra4 (57... Rc4 $1 $11 58. Bf3 Rc5) 58. Kd3 (58. Ra8+ $14 Kc7 59. Rxg8) 58... Rxe4 {The position is equal.} 59. Ra8+ Kc7 60. Kxe4 {And now Nd4 would win.} Rxc6 61. Rxg8 {[%mdl 4096] Endgame Threatens to win with Nf4. KRN-KR} Re6+ 62. Kd3 {Hoping for Nf4.} Rxf6 63. Nc3 {aiming for Nd5+.} Kd7 64. Ra8 Rd6+ 65. Ke3 Re6+ 66. Kf4 Rf6+ 67. Ke4 Re6+ 68. Kf4 Rc6 69. Ne4 Ke7 70. Ke5 Re6+ {Weighted Error Value: White=0.34/Black=0.39} 1/2-1/2

[Event "3rd Yerevan Open-A 2021"]
[Site "Yerevan"]
[Date "2021.10.14"]
[Round "1.2"]
[White "Gukesh D"]
[Black "Prraneeth Vuppala"]
[Result "1-0"]
[WhiteElo "2640"]
[BlackElo "2253"]
[Annotator "TA"]
[PlyCount "83"]
[EventDate "2021.10.14"]
[EventType "swiss"]
[EventCountry "ARM"]
[SourceTitle "playchess.com"]
[Source "ChessBase"]
[SourceQuality "1"]

{[%evp 12,83,2,-10,-24,-31,-28,-33,-43,-47,-49,-37,-46,-50,-48,-44,-49,-83,-73,-82,-58,-111,-87,-116,-91,-143,-147,-157,-164,-187,-168,-183,-194,-202,-187,-236,-212,-286,-269,-279,-285,-270,-246,-214,-70,-60,-74,-65,-71,-133,-23,-123,109,111,109,108,408,408,408,408,408,376,552,549,2005,1446,4866,1261,29990,1053,1026,5089,1760,1760]} 1. Nf3 d5 2. g3 g6 3. c4 c6 4. Bg2 Bg7 5. O-O e5 6. d3 Ne7 7. Nbd2 O-O {A07: Réti Opening: New York and Capablanca Systems.} 8. Rb1 a5 9. b3 Na6 {Black is slightly better.} 10. a3 {[#]} b5 $146 ({Predecessor:} 10... h6 11. b4 axb4 12. axb4 Be6 13. Qc2 b5 14. Rd1 bxc4 15. dxc4 Bf5 16. e4 dxe4 {0-1 (29) Pimpalkhare,V (1986)-Czebe,A (2418) New Delhi 2019}) 11. cxd5 cxd5 12. Bb2 Qd6 13. e4 d4 14. Ne1 Be6 15. f4 f6 16. Nef3 (16. a4 $15) 16... Nc5 $17 17. Qe2 Bh6 18. Kh1 (18. a4 $142) 18... Rac8 (18... Nxb3 $2 19. Nxb3 Bxb3 20. Bc1 $18 (20. Bxd4 Qxa3 21. fxe5 fxe5 $14)) 19. Ba1 Nc6 20. f5 gxf5 21. exf5 Bxf5 22. b4 axb4 (22... Bxd3 23. bxc5 Bxe2 24. cxd6 $11) (22... Nxd3 23. Nh4 $11) 23. axb4 {[#]} Nxb4 {[%mdl 512]} 24. Rxb4 (24. Ne1 Bxd3) 24... Bxd3 25. Qd1 Bxf1 26. Bxf1 Qd5 {Hoping for ...Bxd2.} 27. Bxb5 Ne4 ({But not} 27... Bxd2 $2 28. Bc4 $1 $18) ({Black should try} 27... Kh8 $19 {Threatens to win with ...Bxd2.} 28. Kg1 Be3+ 29. Kg2 Bxd2 30. Qxd2 Nb3) 28. Nxe4 $15 Qxe4 ({Not} 28... Rc1 $2 29. Qxc1 Bxc1 30. Bc4 $18) 29. Bb2 Kh8 30. Bd3 (30. Qd3 $142 Qxd3 31. Bxd3) 30... Qe3 (30... Qd5 $17 {...Rb8 is the strong threat.} 31. Qe2 Be3) 31. Nh4 (31. Ng1 $1 $11) 31... Qf2 $2 (31... Rb8 $1 $17 {[%cal Rb8b4] keeps the pressure on.} 32. Rxb8 Rxb8) 32. Rb7 $16 {[%mdl 1024] White has strong compensation.} f5 {Strongly threatening ...Rb8.} 33. Ba3 $1 $36 {[%cal Ra3f8][%mdl 2048] White is in control.} Rf6 {[%mdl 8192]} (33... Qa2 $16 34. Bxf8 Rxf8) 34. Rb2 $18 {[%cal Bb7b2,Bb2e2,Be2e5][%mdl 32]} Qe3 {And now ...e4 would win.} 35. Re2 Qg5 {next ...e4 is good for Black.} 36. Rxe5 Rfc6 (36... Qg4 {is a better defense.} 37. Be2 Qg5 38. Qxd4 Qd2) 37. Nxf5 Qf6 38. Nxh6 {Intending Qh5 and mate.} Qxh6 39. Qg4 (39. Qe2 $142 Rc1+ 40. Bxc1 Qxc1+ 41. Kg2 Qc6+ 42. Kh3) 39... Qd2 {[#]} 40. Re8+ $3 {[%mdl 512]} Rxe8 41. Qxd4+ Kg8 {[#]} 42. Bxh7+ $1 {[%mdl 576] Discovered Attack. Never resign too early!  Weighted Error Value: White=0.15/Black=0.65} 1-0

[Event "3rd Yerevan Open-A 2021"]
[Site "Yerevan"]
[Date "2021.10.14"]
[Round "1.3"]
[White "Wagh Suyog"]
[Black "Erigaisi Arjun"]
[Result "0-1"]
[WhiteElo "2246"]
[BlackElo "2634"]
[Annotator "TA"]
[PlyCount "118"]
[EventDate "2021.10.14"]
[EventType "swiss"]
[EventCountry "ARM"]
[SourceTitle "playchess.com"]
[Source "ChessBase"]
[SourceQuality "1"]

{[%evp 10,118,12,7,13,12,16,10,8,0,25,20,29,11,9,8,21,0,0,-28,-38,-35,-10,-15,-14,-21,-24,-29,-34,-35,-35,-39,-25,-39,-31,-37,-30,-32,-24,-25,-14,-14,-18,-39,-34,-21,-7,-16,-13,-44,-44,-45,-41,-39,-38,-45,-42,-62,-58,-91,-77,-97,-60,-78,-39,-144,-132,-272,-272,-346,-336,-291,-284,-442,-417,-433,-422,-438,-398,-516,-503,-471,-436,-455,-453,-454,-438,-502,-487,-517,-502,-564,-556,-1086,-667,-788,-789,-2046,-1848,-2042,-1819,-2083,-1931,-2583,-2520,-29976,-29977,-29971,-5156,-6544,-6183]} 1. d4 e6 2. c4 c5 3. Nf3 cxd4 4. Nxd4 Nf6 5. e3 Nc6 6. Be2 d5 {A32: Symmetrical English: 2 Nf3 Nf6 3 d4 cxd4 4 Nxd4 e6.} 7. O-O Bd6 8. Nc3 O-O {The position is equal.} 9. b3 a6 10. Bb2 Qc7 11. h3 dxc4 12. Nxc6 Qxc6 {[#]} 13. Bxc4 $146 ({Predecessor:} 13. Bf3 Qc7 14. Rc1 Rd8 15. Qe2 Rb8 16. Ne4 Nxe4 17. Bxe4 b5 18. bxc4 bxc4 19. Ba1 {1-0 (39) Suvrajit,S (2335)-Ravi,L (2405) Kolkata 1999}) 13... Rd8 14. Qf3 (14. Qb1 {with more complications.} b5 15. Be2 Bb7 16. Bf3 Qc7 17. Ne4) 14... Qxf3 15. gxf3 Bd7 16. Rfd1 Bc6 17. Be2 h6 18. Rd3 Be7 19. Rad1 Rxd3 20. Rxd3 Kf8 21. Rd1 g5 22. Kg2 h5 23. Bd3 Rd8 24. Bc2 Rc8 25. Bb1 Ke8 26. Kg3 Nd7 27. Ne2 f5 28. Nd4 Bf6 29. Nxc6 {aiming for Nd4.} Bxb2 30. Nb4 $1 Be5+ 31. Kg2 Ke7 32. Nd3 Bd6 33. e4 f4 34. Kf1 a5 35. Ke2 Rg8 36. Rg1 Kf6 37. Ne1 ({White should try} 37. Rd1 $15) 37... Ne5 $17 38. Bc2 {This costs White the game.} (38. Rh1 $17) 38... Rc8 $19 39. Kd1 Bb4 40. Nd3 {If White can now play Nxe5 this consolidates a bit.} Nxf3 41. Rh1 (41. e5+ $142 Kf7 42. Rh1) 41... e5 42. Bb1 Nd4 43. Rg1 Nb5 44. Ke2 Nc3+ 45. Kf3 Rd8 46. Bc2 Nxa2 47. Kg2 Nc3 48. f3 b6 49. Rh1 Be7 50. Kf2 Nb5 {...Na3 is the strong threat.} 51. Rg1 Nd4 52. Bd1 {[#]} Nxb3 $1 {[%mdl 512]} 53. Bxb3 (53. Ke2 Nd4+) 53... Rxd3 {[%mdl 4096] Endgame KRB-KRB} 54. Rb1 Bc5+ 55. Kg2 Rd2+ 56. Kh1 Rf2 57. Bd1 Rf1+ 58. Kg2 Rg1+ (58... Re1 $142 59. Rc1 a4 60. h4 a3 61. hxg5+ Kxg5 62. Rb1 Bd4 63. Kh3 a2 64. Rc1 Bb2 65. Rc8 Rh1+ 66. Kg2 {[#]} a1=Q $1 {[%mdl 512]} 67. Rg8+ Kh4 68. Kxh1 Qxd1+ 69. Kg2 Qe2+ 70. Kg1 Kh3 71. Rg3+ fxg3 72. Kh1 Qh2#) 59. Kh2 a4 {Weighted Error Value: White=0.50/Black=0.17} 0-1

[Event "3rd Yerevan Open-A 2021"]
[Site "Yerevan"]
[Date "2021.10.14"]
[Round "1.4"]
[White "Pantsulaia, Levan"]
[Black "Aakanksha Hagawane"]
[Result "1-0"]
[WhiteElo "2570"]
[BlackElo "2238"]
[Annotator "TA"]
[PlyCount "93"]
[EventDate "2021.10.14"]
[EventType "swiss"]
[EventCountry "ARM"]
[SourceTitle "playchess.com"]
[Source "ChessBase"]
[SourceQuality "1"]

{[%evp 18,93,0,0,2,17,45,42,67,25,106,98,105,93,95,108,105,104,115,87,87,79,81,81,87,81,87,81,90,90,90,90,90,92,89,87,105,96,103,101,141,142,152,162,235,232,254,237,225,224,498,322,408,391,519,530,591,502,525,368,1135,1111,1270,1177,2336,2264,29980,7216,5727,2070,6215,6087,29976,29977,29976,29976,29971,29961]} 1. Nf3 c5 2. c4 Nc6 3. Nc3 e5 4. g3 d6 5. Bg2 g6 6. O-O Bg7 7. a3 Nge7 8. Rb1 a5 9. d3 O-O 10. Bd2 Be6 {A37: Symmetrical English vs ...g6: 4 Bg2 Bg7 5 Nf3.} 11. Ng5 Bd7 12. Nb5 Nc8 {White is slightly better.} 13. Ne4 Be6 (13... Nd4 $11) 14. b4 $16 axb4 15. axb4 cxb4 16. Bxb4 Nxb4 17. Rxb4 {[#]} Qe7 $146 {Black wants to play ...d5.} ({Predecessor:} 17... Ra6 18. Nec3 Qd7 19. Re1 Ne7 20. Qb3 Rfa8 21. Ra4 Nc6 22. Rea1 h6 23. e3 Kh7 24. Ne4 f5 25. Nec3 e4 26. dxe4 Na5 27. Qb4 Nc6 28. Qb3 Na5 {½-½ (28) Miskic,S (2117)-Rozic,S (2079) Sarajevo 2017}) 18. Qd2 d5 19. cxd5 Bxd5 {[#]} 20. Nf6+ $1 Bxf6 21. Bxd5 Rd8 22. Bf3 Ra2 23. Qxa2 Qxb4 24. Rb1 Qc5 25. Bxb7 Nd6 26. Nxd6 Qxd6 27. Bf3 Be7 28. Rb5 Qd4 29. Bd5 Rf8 30. Bc4 e4 (30... Qd6 $142 31. Qa7 Qf6) 31. e3 $18 Qc3 32. dxe4 Kg7 33. Rb7 Bc5 {[#]} (33... Rc8 34. Bxf7 Qc1+ 35. Kg2 Rc2) 34. Kg2 Qe5 35. Bd5 Kh6 36. Qc4 Be7 37. Qd4 Qd6 38. e5 Qd8 (38... Qc5 39. Qf4+ Bg5) 39. e4 Qe8 40. Qa7 Bd8 41. f4 g5 42. Rxf7 (42. Bxf7 $142 Qc6 43. fxg5+ {[%mdl 64] Overworked Piece} Bxg5 44. Rb6 Qxb6 45. Qxb6+ Kg7 46. Bd5 h5 47. Qc7+ Kg6 48. e6) 42... Rxf7 43. Qxf7 Qxf7 44. Bxf7 gxf4 45. gxf4 {White mates.} Kg7 46. e6 Kf6 47. Kf3 {Black got outplayed after the opening.  Weighted Error Value: White=0.20/Black=0.39} 1-0

[Event "3rd Yerevan Open-A 2021"]
[Site "Yerevan"]
[Date "2021.10.14"]
[Round "1.5"]
[White "Mkrtchyan, Mariam"]
[Black "Puranik, Abhimanyu"]
[Result "0-1"]
[WhiteElo "2234"]
[BlackElo "2568"]
[Annotator "TA"]
[PlyCount "64"]
[EventDate "2021.10.14"]
[EventType "swiss"]
[EventCountry "ARM"]
[SourceTitle "playchess.com"]
[Source "ChessBase"]
[SourceQuality "1"]

{[%evp 23,64,0,0,0,0,0,0,-26,-32,-21,0,-91,-92,-101,-107,-108,-100,-105,-106,-124,-130,-132,-125,-152,-152,-172,-186,-210,-202,-222,-233,-263,-235,-482,-474,-507,-512,-506,-490,-527,-506,-913,-614]} 1. Nf3 Nf6 2. d4 g6 3. c4 Bg7 4. g3 d5 5. cxd5 Nxd5 6. Bg2 Nb6 7. O-O Nc6 8. e3 e5 9. Nxe5 Nxe5 10. dxe5 Qxd1 11. Rxd1 Bxe5 12. Nc3 O-O 13. e4 {[#] D76: Fianchetto Grünfeld: Main Line with 7...Nb6.} Re8 $146 ({Predecessor:} 13... c6 14. f4 Bg7 15. Kf2 Bg4 16. Bf3 Bxf3 17. Kxf3 Rad8 18. Be3 Nc4 19. Rab1 Nxe3 20. Kxe3 Rfe8 21. Rxd8 Rxd8 {0-1 (45) Oparin,G (2652)-Mishra,A (2342) Chess.com INT 2020}) 14. Bf4 Bg4 {White must now prevent ...Bxf4.} 15. Bxe5 {The position is equal.} Bxd1 16. Bxc7 Bc2 17. Bxb6 (17. Rc1 $11 Bd3 18. Rd1) 17... axb6 $17 {Black converts the advantage convincingly.} 18. Nd5 {[#]} Red8 $1 19. Rc1 Bd3 20. a3 Kg7 21. Nxb6 Ra6 22. Nd5 Rc6 {[%mdl 1024] Black has strong compensation.} 23. Re1 {[#]} Rc2 $1 24. b4 Rdc8 {Threatens to win with ...Rc1.} 25. f4 Ra2 26. e5 b5 ({Much less strong is} 26... Rxa3 27. Nb6) 27. Rd1 Rxa3 28. g4 $2 (28. Rd2 {is a better defense.}) 28... Be2 $19 {Black is clearly winning.} 29. Rd2 Bxg4 30. Nf6 Be6 31. Bf1 Rb3 32. Rd4 (32. Bxb5 $142 Rxb4 33. Bd7 Bxd7 34. Rxd7) 32... Rb2 {Weighted Error Value: White=0.50/Black=0.03} 0-1

[Event "3rd Yerevan Open-A 2021"]
[Site "Yerevan"]
[Date "2021.10.14"]
[Round "1.6"]
[White "Paichadze, Luka"]
[Black "Apanasenok, Alexander"]
[Result "1-0"]
[WhiteElo "2566"]
[BlackElo "2227"]
[Annotator "TA"]
[PlyCount "79"]
[EventDate "2021.10.14"]
[EventType "swiss"]
[EventCountry "ARM"]
[SourceTitle "playchess.com"]
[Source "ChessBase"]
[SourceQuality "1"]

{[%evp 11,79,28,35,38,45,35,45,50,62,57,58,35,56,0,0,7,18,29,48,47,61,53,70,29,49,30,58,44,55,71,60,57,70,65,85,12,18,13,165,113,106,106,327,338,295,228,278,235,219,241,231,192,351,353,358,360,616,229,890,635,1332,1299,1627,1063,2543,2368,29964,9253,29993,1173]} 1. e4 e5 2. Nf3 d6 3. d4 exd4 4. Nxd4 Nf6 5. Nc3 Be7 6. g3 O-O 7. Bg2 {C41: Philidor Defence.} Re8 8. O-O Bf8 9. h3 {White is slightly better.} Nbd7 10. Re1 c6 11. g4 g6 12. Nde2 Nc5 {[%cal Rf6e4]} 13. Ng3 {[#]} a5 $146 ({Predecessor:} 13... Nfd7 14. Be3 Qh4 15. Qd2 h6 16. f4 a5 17. Bf2 Qd8 18. a4 Qb6 19. b3 Qb4 {½-½ (43) Torosyan,N (2313)-Harutyunian,T (2472) Yerevan 2015}) 14. Be3 Qc7 15. a4 Qb6 16. Bd4 Nfd7 17. Nce2 Qc7 18. Bc3 b6 19. f4 Ba6 20. Qd4 {[%csl Gc3][%cal Rd4h8] [#]} f6 21. Qd2 Rad8 22. b3 Bh6 23. h4 ({Better is} 23. Rad1 $16) 23... Bxe2 $11 24. Rxe2 Re6 $2 (24... d5 $1 $11 25. g5 d4 26. Bxd4 fxg5 27. hxg5 Bxg5 28. fxg5 Qxg3) 25. g5 (25. Rf2 $18) 25... Bg7 $16 26. Rd1 $36 {[%mdl 2048] White is in control.} Nb7 $2 (26... Rde8 $16 {might work better.}) 27. Bh3 $18 Ree8 {and the idea ...fxg5 leaves Black hopeful.} 28. Qd4 Rf8 29. h5 {Black must now prevent h6.} Ndc5 30. h6 ({Less strong is} 30. gxf6 Bxf6 31. Qe3 Bxc3 $16) 30... Bh8 31. Rg2 Rde8 $2 (31... d5) 32. f5 Nd8 {intending ...Nf7.} 33. Rf1 Nd7 $2 (33... d5 34. exd5 Qe5 35. dxc6 Qxd4+ 36. Bxd4 Nxc6) 34. Nh5 $2 Re5 $2 (34... gxh5 35. Qd1 Kf7 36. Qxh5+ Ke7) 35. Qc4+ d5 36. exd5 {[#] Threatens to win with d6+.} Rxd5 37. gxf6 Bxf6 38. Nxf6+ Nxf6 39. fxg6 Nh5 40. gxh7+ {Weighted Error Value: White=0.44/Black=0.70} 1-0

[Event "3rd Yerevan Open-A 2021"]
[Site "Yerevan"]
[Date "2021.10.14"]
[Round "1.7"]
[White "Navumenka, Mikhei"]
[Black "Petrosian, Tigran L."]
[Result "0-1"]
[WhiteElo "2221"]
[BlackElo "2562"]
[Annotator "TA"]
[PlyCount "106"]
[EventDate "2021.10.14"]
[EventType "swiss"]
[EventCountry "ARM"]
[SourceTitle "playchess.com"]
[Source "ChessBase"]
[SourceQuality "1"]

{[%evp 21,106,25,76,38,50,60,88,83,135,32,57,27,18,19,22,29,14,11,10,16,38,33,30,31,22,16,16,6,25,26,33,0,0,-61,-33,-122,-128,-128,-125,-249,-254,-235,-249,-289,-289,-285,-273,-279,-285,-323,-320,-316,-301,-300,-296,-410,-408,-404,-408,-395,-384,-475,-466,-437,-428,-1138,-1076,-2388,-1822,-2071,-1694,-2108,-1851,-29975,-29976,-29976,-29977,-29979,-29980,-29982,-29982,-29982,-29983,-29985,-29986,-29982,-29983]} 1. d4 Nf6 2. Nf3 g6 3. c4 Bg7 4. g3 O-O 5. Bg2 d6 6. O-O c6 7. Nc3 Qa5 8. h3 e5 9. e4 Nbd7 10. Be3 exd4 11. Nxd4 Ne5 (11... Nb6 $11) 12. Nb3 {E69: King's Indian: Fianchetto: 6...Nbd7 7 0-0 e5 8 e4 c6 9 h3.} Qb4 $5 {[%mdl 4] Exploring less charted territory.} 13. c5 Nc4 14. Bd4 {And now a3 would win.White is better.} Be6 {[#]} 15. Qc2 $146 (15. Rb1 $1 $16) ({Predecessor:} 15. Rb1 Ne8 16. a3 Ne3 17. Bxe3 Qxb3 18. cxd6 Rd8 19. Bxa7 Qc4 20. Qf3 Nxd6 21. Rfd1 {½-½ (59) Kashlinskaya,A (2334)-Ju,W (2531) Kazan 2013}) 15... Nd7 {[%cal Rd6c5]} 16. a3 (16. Bxg7 {keeps more tension.} Kxg7 17. cxd6 Rad8 18. Nd4 Nxd6 19. Rfd1) 16... Nxa3 17. bxa3 Qxb3 18. Qxb3 Bxb3 19. Bxg7 Kxg7 20. cxd6 Rad8 21. f4 Bc4 22. Rfe1 f6 23. Rab1 Ba6 24. Na4 {Strongly threatening e5.} Rfe8 25. h4 Re6 26. Bh3 Rxd6 27. e5 ({White should try} 27. Rbd1 $11 Nb8 28. Rxd6 Rxd6 29. Nc5) 27... fxe5 28. fxe5 {[#] White is now going downhill.} (28. Bxd7 $15 R8xd7 29. Nc5) 28... Rd5 $1 $17 29. e6 Ne5 {aiming for ...Nf3+.} 30. Rb3 (30. Re3 $17 {was called for.}) 30... Rd1 $19 31. Rxd1 Rxd1+ 32. Kh2 Rd2+ 33. Kg1 Rd3 34. Rxd3 Nxd3 {[%mdl 4096] Endgame KBN-KBN} ({Weaker is} 34... Bxd3 35. Nc5 $17) 35. Nc3 Nc5 36. Kf2 Bc4 37. Ke3 {If only White now had time for e7....} Bxe6 ({Resist} 37... Nxe6 38. Ne4 $19) 38. Bxe6 Nxe6 {KN-KN} 39. Ne4 b5 40. g4 a5 41. g5 h6 42. gxh6+ Kxh6 43. Nd6 (43. Nf6 $142) 43... Kh5 44. Nf7 a4 45. Kd2 c5 46. Ne5 b4 47. axb4 cxb4 {Black mates.} 48. Kc2 Nf4 49. Nd7 Kxh4 50. Nc5 a3 {[%cal Ba4a3,Ba3a2][%mdl 32]} 51. Kb3 g5 52. Kxb4 {[#]} Nd3+ $1 {[%mdl 576] Promotion} 53. Nxd3 (53. Kxa3 Nxc5) 53... a2 {Weighted Error Value: White=0.75/Black=0.13} 0-1

[Event "3rd Yerevan Open-A 2021"]
[Site "Yerevan"]
[Date "2021.10.14"]
[Round "1.8"]
[White "Goganov, Aleksey"]
[Black "Dilanyan, Grigor"]
[Result "1-0"]
[WhiteElo "2557"]
[BlackElo "2214"]
[Annotator "TA"]
[PlyCount "43"]
[EventDate "2021.10.14"]
[EventType "swiss"]
[EventCountry "ARM"]
[SourceTitle "playchess.com"]
[Source "ChessBase"]
[SourceQuality "1"]

{[%evp 24,43,47,41,44,45,38,27,37,32,87,83,157,152,181,178,498,485,1093,1086,988,968]} 1. d4 Nf6 2. c4 c5 3. d5 g6 4. Nc3 Bg7 5. e4 d6 6. h3 O-O 7. Nf3 e6 8. Bd3 exd5 9. exd5 Re8+ 10. Be3 Nbd7 11. O-O a6 12. a4 Nh5 13. Qd2 {13.g4 is vanishing.} Ne5 {[#] Hoping for ...Nxf3+. E90: King's Indian: Classical: Early deviations and 6 h3.} 14. Be2 Bd7 15. Rfe1 Nxf3+ {White has an edge.} 16. Bxf3 Qh4 (16... Nf6 $1 $14) 17. Bxh5 {[#]} Qxh5 $146 ({Black should try} 17... gxh5 18. Bf4 Qf6) ({Predecessor:} 17... gxh5 18. Bh6 Qf6 19. Bxg7 Qxg7 20. Kh2 Re5 21. f4 Ree8 22. Ne4 Qg6 23. Ra3 Rxe4 {½-½ (36) Kekelidze,M (2454)-Lomsadze,D (2400) Tbilisi 2008}) 18. Bf4 $16 Qh4 19. Ne4 ({Worse is} 19. Bxd6 Qxc4 20. Rxe8+ Rxe8 $11) 19... b5 $2 {[#]} (19... b6 20. a5 (20. Nxd6 Rxe1+ 21. Rxe1 Bxa4 $16) 20... b5 21. cxb5 (21. Nxd6 Rxe1+ 22. Rxe1 Qd8 $18) 21... Rxe4 22. Rxe4 Bxb5) 20. axb5 $18 {White is clearly winning.} axb5 (20... Qd8 $142 21. Nxd6 Rxe1+ 22. Qxe1 g5) 21. Rxa8 Rxa8 22. Bg5 {Black got outplayed after the opening.  Weighted Error Value: White=0.01/Black=0.69} 1-0